00337nam a2200097Ia 4500001000400000008004100004082002100045100005400066245010300120260001600223905241024s9999 xx 000 0 und d aRD/374.013/P816p aPontificia Universidad Católica Madre y Maestra 0aPropuesta sobre pacto social por el Desarrollo de un plan nacional integral del sisitema educativo bPUCMMc2009